हि बांधावरची माणसं (Record no. 1033563)

MARC details
000 -LEADER
fixed length control field 00615nam a2200181Ia 4500
008 - FIXED-LENGTH DATA ELEMENTS--GENERAL INFORMATION
fixed length control field 151018s9999 xx 000 0 und d
082 ## - DEWEY DECIMAL CLASSIFICATION NUMBER
Item number RBASDV34071
Classification number 891.463
100 ## - MAIN ENTRY--PERSONAL NAME
Personal name अर्जुन डांगळे
245 ## - TITLE STATEMENT
Title हि बांधावरची माणसं
250 ## - EDITION STATEMENT
Remainder of edition statement 1
260 ## - PUBLICATION, DISTRIBUTION, ETC. (IMPRINT)
Name of publisher, distributor, etc मागोवा
Date of publication, distribution, etc 1979
300 ## - PHYSICAL DESCRIPTION
Extent 102
600 ## - SUBJECT ADDED ENTRY--PERSONAL NAME
Personal name अर्जुन डांगळे
630 ## - SUBJECT ADDED ENTRY--UNIFORM TITLE
Uniform title हि बांधावरची माणसं
700 ## - ADDED ENTRY--PERSONAL NAME
Personal name अर्जुन डांगळे
730 ## - ADDED ENTRY--UNIFORM TITLE
Uniform title हि बांधावरची माणसं
942 ## - ADDED ENTRY ELEMENTS (KOHA)
Koha item type Book
Holdings
Withdrawn status Lost status Damaged status Not for loan Home library Current library Date acquired Cost, normal purchase price Total Checkouts Full call number Barcode Date last seen Cost, replacement price Price effective from Koha item type
        R.B. Anant Shivaji Desai Vachanalaya and Granthalaya, Kudal R.B. Anant Shivaji Desai Vachanalaya and Granthalaya, Kudal 01/25/2009 18.00   RBASDV34071 RBASDV34071 10/18/2015 18.00 10/18/2015 Book